000 01025nam a2200277Ia 4500
003 OSt
005 20221007121758.0
006 a|||||r|||| 00| 0
007 ta
008 221006b |||||||| |||| 00| 0 eng d
020 _a3540655743 (hbd)
_cDM 398.00
024 _a7324
037 _bBiotek,
_cTextual
040 _aBDL
_cBDL
_beng
041 _2eng
_aeng
082 _aJ:(G:F)un1,N86, P0
100 _aBajaj Y P S Ed
245 0 _aBiotechnology in agriculture and forestry ed by Y P S Bajaj
260 _aBerlin
_bSpringer-Verlag
_c2000
490 _vV 46:Transgenic crops I (xix,393p). This vol has 89 figs 60 tables and subject index 391-393p
500 _a23/CSL/I-Carb/00-01/OTSG/545^d2001-01-30^mPurchase; ; 2000-2001/542^b2001-02-06^c195^d2001-01-31^eRs.15,559.00^fBiotek Book Company; ; 2001-02-16^bSB^c2001-02-21^dRPS
650 _a Biotechnology
650 _aAgriculture
942 _hJ:(G:F)un1,N86, P0
_cTEXL
_2CC
999 _c1209325
_d1209325